00978nam a22002417a 4500003000400000005001700004008004100021040004600062050002500108100003600133245014100169260006600310300004400376500007500420504005600495546002000551650002200571650001900593650002600612700003400638700003200672700003200704OSt20260505015223.0260420b |||||||| |||| 00| 0 eng d bEnglish.cCvSU-CCAT Campus Library.erda. aUM TJ 1195bL34 2008 aLegaspi, April Anne R., author. aAn improvised stock-centering device :ba technical feasibility study / cApril Anne R. Legaspi, Cristobal O. Redado, Dymmar R. Talubo.  aRosario, Cavite :bCavite State University-CCAT Campus,c2008 avi, 29 leaves :billustrations ;c28 cm aFeasibility Study (BSIT) -- Cavite State University-CCAT Campus, 2008. aIncludes bibliographical references and appendices. aIn English text 0aJigs and fixtures 0aMachine design 0aMachine-shop practice aRedado, Cristobal O., author. aTalubo, Dymmar R., author.  aAlvarez, Nestor M., adviser